| 000 | 00758nam a22002297a 4500 | ||
|---|---|---|---|
| 999 |
_c19264 _d19264 |
||
| 003 | AR-CdUCM | ||
| 008 | 190517b ||||| |||| 00| 0 spa d | ||
| 040 |
_aMUNICIPALIDAD PROVINCIAL DEL CUSCO _cBIBLIOTECA MUNICIPAL DEL CUSCO |
||
| 082 |
_a549 / _bB825 |
||
| 100 |
_aBrauns, R. _920160 |
||
| 245 | _aMineralogía especial / | ||
| 260 |
_aMéxico : _bHispano americana, _c1963. |
||
| 300 |
_a205 páginas ; _bIlustraciones, _c17 cm. |
||
| 440 |
_aManuales uteha _n39/39a _940496 |
||
| 505 | _aContenido: Elementos -- Sulfuros y sulfosales -- Oxidos... | ||
| 650 |
_aMinerales _919427 |
||
| 650 |
_aCarbonetas _940497 |
||
| 650 |
_aSales _940498 |
||
| 700 |
_aToral, Maria Teresa (traducción) _921601 |
||
| 942 |
_2ddc _cLIBROS |
||
| 945 |
_adavv _d2019-05-17 |
||